00802nam a2200193 a 4500003000200000005001700002008004100019050002700060100003300087245011600120260009200236300005600328504004100384650004900425650003200474650002700506650004600533650002900579020250423105409.0970114s19uu xx 00 eng d aPGS QB 46 b.H884 2003 aHuddleston, Ronnie Clarence. aPerception of grade six students of Southville International School on astronomy /cRonnie Clarence Huddleston. aLas Piñas City, Philippines : bSouthville International School and Colleges,c2003. a[approximately 22] pages :billustrations ;c28 cm. aIncludes bibliographical references. aAstronomyvStudy and teaching (Elementary) . a AstronomyvPublic opinion. aStudentsvAttitudes . aSciencevStudy and teaching (Elementary). aSixth grade (Education).